Contraconcepción (Record no. 148280)

MARC details
000 -LEADER
campo de control de longitud fija 00830nam a2200205 4500
001 - NÚMERO DE CONTROL
campo de control 148280
003 - IDENTIFICADOR DE NÚMERO DE CONTROL
campo de control ES-MaACL
005 - FECHA Y HORA DE LA ÚLTIMA TRANSACCIÓN
campo de control 20230906202531.0
007 - CAMPO FIJO DE DESCRIPCIÓN FÍSICA--INFORMACIÓN GENERAL
campo de control de longitud fija t|
008 - DATOS DE LONGITUD FIJA--INFORMACIÓN GENERAL
campo de control de longitud fija 070214s1922 sp r ||||1| spa d
100 1# - ENTRADA PRINCIPAL--NOMBRE DE PERSONA
Nombre de persona Stopes, Marie Carmichael.
9 (RLIN) 108318
245 10 - MENCIÓN DEL TÍTULO
Título Contraconcepción
Resto del título : (regulación de los nacimientos) : su teoría, historia y práctica /
Mención de responsabilidad, etc. por Marie Carmichael Stopes ; introducción por el prof. Sir William Bayliss ; notas de introducción por Sir James Barr, Dr. C. Rolleston, Dra. Jane Awsthorne y Obscurus.
260 ## - PUBLICACIÓN, DISTRIBUCIÓN, ETC.
Lugar de publicación, distribución, etc. Barcelona :
Nombre del editor, distribuidor, etc. Roch,
Fecha de publicación, distribución, etc. [1922] (
Fabricante Imp. Clarasó)
300 ## - DESCRIPCIÓN FÍSICA
Extensión 320 p. ;
Dimensiones 19 cm.
700 1# - ENTRADA AGREGADA--NOMBRE PERSONAL
Nombre de persona Bayliss, William.
9 (RLIN) 26680
700 1# - ENTRADA AGREGADA--NOMBRE PERSONAL
Nombre de persona Barr, James.
9 (RLIN) 25802
700 1# - ENTRADA AGREGADA--NOMBRE PERSONAL
Nombre de persona Rolleston, C.
9 (RLIN) 99182
700 1# - ENTRADA AGREGADA--NOMBRE PERSONAL
Nombre de persona Awsthorne y Obscurus, Jane.
9 (RLIN) 24093
852 ## - LOCALIZACIÓN
Ubicación ES-MaACL
Número de control de estantería A-676
Sublocalización o colección R.10522
Holdings
Estatus retirado Estado de pérdida Estado de daño No para préstamo Biblioteca de origen Biblioteca actual Ubicación en estantería Fecha de adquisición Fuente de adquisición Total de préstamos Signatura topográfica completa Código de barras Visto por última vez Precio de reemplazo Tipo de ítem Koha
        Biblioteca del Ateneo de Madrid Biblioteca del Ateneo de Madrid Sala Pecera Planta 1 17/01/2008     A-676 1154745 23/02/2023 23/02/2023 Libro impreso